Statistics for Law School - A Quiz on Law Stats

Click here to take the quiz!

General Stats

  • This quiz has been taken 13 times
  • The average score is 4 of 15

Answer Stats

QuestionAnswer% Correct
Which state has the most lawyers per capita - 80 lawyers per 10,000 people?New York
58%
How many lawyers are there in the United States?1.3 million
50%
The U.S. Department of Justice, Bureau of Justice Statistics says that the most common types of personal injury lawsuits involve injuries from what types of activities?Auto accidents, slip and fall, faulty products, and medical malpractice.
50%
Which medical practice has the highest risk for malpractice lawsuits?Neurological Surgery
50%
In 2017, what percentage of plaintiffs won trials awarding them more than $1,00,000?4%
33%
Which of these lawsuits was not actually a lawsuit?A customer sued an insurance provider for charging less than quoted on a new automobile.
33%
In 2017, what was the median award granted to plaintiffs in general civil trials?$28,000
25%
What percentage of the world's lawyers live in the U.S.?80
25%
The number of civil suits filed in the United States annually is?15 million
17%
In 2021, what was the total aggregate settlement amount awarded to plaintiffs in the United States?$1.8 bililon
17%
How frequently do plaintiffs win tort trials in the United States?55% of the time
17%
Which 9 states lead the way with the fewest lawsuits? (List will be in order)Alaska, Hawaii, North Carolina, Virginia, Iowa, Wisconsin, North Dakota, South Dakota, and Idaho
8%
Which state has the fewest lawyers, only 20 lawyers per 10,000 people?Arizona
8%
From 1992 to 2005, what percentage increase or decrease did the 75 most populous counties in the U.S. record?Decrease of 50%
8%
Which 8 states rank the highest in lawsuits? (List will be in order)New York, Massachusetts, Connecticut, Illinois, New Jersey, Minnesota, Florida, and California
8%

Score Distribution

Percentile by Number Answered

Percent of People with Each Score

Your Score History

You have not taken this quiz